LIBRARY & INFORMATION CENTRE, KCAET, TAVANUR

ONLINE PUBLIC ACCESS CATALOGUE (OPAC)

Production and operations management / (Record no. 2838)

MARC details
000 -LEADER
fixed length control field 00458cam a2200169ua 4500
020 ## - INTERNATIONAL STANDARD BOOK NUMBER
ISBN 81 7040 896 2
041 ## - LANGUAGE CODE
Language code of text/sound track or separate title eng
082 ## - DEWEY DECIMAL CLASSIFICATION NUMBER
Classification number 658.4034
Item number PAT/PR
100 ## - MAIN ENTRY--AUTHOR NAME
Personal name Patel, Chunawalla .
245 ## - TITLE STATEMENT
Title Production and operations management /
260 ## - PUBLICATION, DISTRIBUTION, ETC. (IMPRINT)
Place of publication Bombay :
Name of publisher Himalaya Publishing House ,
Year of publication 1994.
300 ## - PHYSICAL DESCRIPTION
Number of Pages 582 ; .
942 ## - ADDED ENTRY ELEMENTS (KOHA)
Koha item type Books
Holdings
Withdrawn status Lost status Damaged status Home library Current library Date acquired Full call number Accession Number Koha item type
      KAUAET KAUAET 07/04/2012 658.4034 PAT/PR 18552 Books
free website counter